[Event "Sigeman & Co 13th"]
[Site "Malmo/Copenhagen"]
[Date "2005.04.16"]
[Round "2"]
[White "Hillarp Persson, Tiger"]
[Black "Hansen, Sune Berg"]
[Result "1-0"]
[WhiteElo "2533"]
[BlackElo "2553"]
[Annotator "Gavrikov,V"]
[PlyCount "73"]
[EventDate "2005.04.15"]
[EventType "tourn"]
[EventRounds "9"]
[EventCountry "SWE"]
[EventCategory "13"]
[SourceTitle "CBM 107"]
[Source "ChessBase"]
[SourceDate "2005.08.01"]
[SourceVersion "1"]
[SourceVersionDate "2005.08.01"]
[SourceQuality "1"]

1. d4 Nf6 2. c4 e6 3. Nc3 Bb4 4. e3 O-O 5. Bd3 c5 6. Nf3 d5 7. O-O dxc4 8. Bxc4
Nbd7 9. Qe2 ({Another queen sortie} 9. Qb3 {can be met by} b6 10. d5 (10. Rd1
Bb7) 10... Bxc3 $5 $146 11. dxe6 Ba5 12. exd7 Bxd7 13. Ne5 Be8 14. a4 Qc7 15.
f4 Rd8 16. Rd1 Rxd1+ 17. Qxd1 Bc6 $1 18. Nxc6 Qxc6 19. Ra3 Qe4 20. Qd3 Qe7 21.
Qe2 {(/\ Rd3)} Qe4 22. Qd3 Qb7 23. Qe2 Qe4 24. Qd3 {1/2-1/2 Vaisser,A-Adams,M/
Port Barcares 2005/CBM 107_01 (24)}) ({an alternative is} 9. a3 cxd4 10. exd4 (
10. axb4 dxc3 11. bxc3 Qc7 12. Qb3 Nb6 13. Be2 e5 14. Ra5 Be6 15. Qc2 Nbd7 16.
c4 b6 17. Ra6 Rfc8 18. Nd2 Qb7 19. b5 Nc5 20. Ra3 a6 21. bxa6 Rxa6 22. Rxa6
Qxa6 23. Bb2 Nfd7 24. Ra1 Qb7 25. Bf3 Qc7 $11 {1/2-1/2 Lautier,J-Anand,V/Cap
d'Agde 2003/CBM 098 (32)}) 10... Bxc3 11. bxc3 Qc7 12. Qd3 b6 13. Re1 Bb7 14.
Ba2 Rac8 15. Bd2 Bd5 (15... Rfd8 16. Rac1 Qd6 17. Ng5 Nf8) 16. Bb1 Rfd8 17. Ne5
Nf8 18. Qh3 {0-1 Goehring,K-Ribli,Z/Germany 1989/GER-chT (35)} N6d7 19. Bd3
Nxe5 20. Rxe5 f6 21. Rh5 g6 22. Rh4 Bc4 23. Bxc4 Qxc4 $13) 9... b6 ({The plan} 
9... a6 {allows White obtain the better game with} 10. a3 Ba5 11. Bd3 b5 12. b4
$1 cxd4 (12... cxb4 $6 13. Nxb5 $1 Bb7 (13... axb5 $2 14. axb4 $16) (13... Rb8
14. Nd6 $16) 14. Nd6 Bxf3 15. Qxf3 $16 {1-0 Gelfand,B-Epishin,V/Dos Hermanas
1994/CBM 041/ (39)}) 13. exd4 Bb6 14. Bg5 Bb7 15. Ne4 Qb8 16. Nc5 $14 {1/2-1/2
Vaganian,R-Platonov,I/Riga 1970/URS-ch (36)}) 10. a3 ({It seems to me that
Black has sufficient counterchances in old line} 10. d5 Bxc3 11. dxe6 Ne5 12.
exf7+ Kh8 13. bxc3 Bg4 14. e4 Qe7 15. Re1 b5 $1 16. Bxb5 Nh5 17. Bc4 (17. Bg5
Qe6 18. Qe3 Bxf3 19. gxf3 Qxf7 20. Be2 h6 21. f4 Nxf4 22. Bxf4 Qxf4 23. Rad1
Rae8 24. Rd5 c4 $44 {1/2-1/2 Gligoric,S-Jelen,I/Bled 1979/MCL (65)}) 17... Qf6
{e.g.} 18. Bg5 (18. Bd5 Nxf3+ (18... Bxf3 19. gxf3 Nxf3+ 20. Kf1 $1 (20. Kg2 $2
Nxe1+ 21. Qxe1 Rad8 22. Bc4 $2 (22. Qe3) 22... Qg6+ 23. Kf1 Qg4 $1 24. Bd2 Qf3
25. Bd5 Nf6 $19 {0-1 Aleksandrov,A-Naiditsch,A/Senden 1999/EXT 2000 (37)})
20... Nxe1 21. Bxa8 Qxc3 22. Bb2 Qh3+ 23. Kxe1 Rxa8 $13) 19. gxf3 Bxf3 20. Qe3
h6 21. Kf1 Rad8 22. Be6 $5 (22. c4 Rxd5 $1 23. exd5 Rxf7 $44 {0-1 Gligoric,
S-Parma,B/Vrbas 1982/MCD (29)}) 22... Qxe6 23. Qxf3 Nf6 $44) 18... Bxf3 19.
Bxf6 Bxe2 20. Bd5 gxf6 21. Bxa8 Bd3 22. Bd5 Nf4 23. Re3 Ne2+ 24. Kf1 (24. Kh1
$6 {1-0 Knaak,R-Lukacs,P/Berlin East 1982/MCL/[ChessBase] (43)} Nxc3 25. Rc1
Nxd5 26. exd5 c4 27. f4 Ng6 $15) 24... Nf4+ ({in case of} 24... Nxc3+ 25. Ke1
Nxd5 26. exd5 c4 {White´s king can support the passed pawn by} 27. Kd2 Rxf7 28.
Kc3 Rd7 29. Kd4 $13) 25. Kg1 Ne2+ $11) ({earlier Tiger tried} 10. Rd1 cxd4 11.
exd4 (11. Nxd4 Bb7) 11... Bxc3 (11... Bb7) 12. bxc3 Qc7 13. Bd2 Bb7 14. Bd3
Rfe8 15. Re1 Rac8 16. a4 {1-0 Hillarp Persson,T-Ionescu,C/Batumi 1999/CBM 074 
(42)} {but probably was not satisfied with opening´s results in view of
possible improvement} Nd5 17. c4 (17. Ne5 Nxe5 18. dxe5 Red8 $5 19. c4 Qc6 $1)
17... Nf4 18. Bxf4 Qxf4 $132) 10... cxd4 11. Nb5 (11. exd4 Bxc3 12. bxc3 Qc7
13. Bd2 Bb7 14. Bd3 Rfe8 {leads to the similar position as after 10.Rd1 cxd4
11.exd4 Bxc3 12.bxc3 Qc7.}) 11... Be7 12. Nbxd4 Bb7 13. b4 (13. Rd1 {has also
been seen:} Qc7 (13... a6 $142 $5) 14. b3 Rad8 $6 15. Bb2 Qb8 {0-1 Lapienis,
D-Kholmov,R/Novgorod 1961/EXT 2000 (28)} 16. Bb5 $1 Qa8 17. Rac1 $14) 13... a5
$146 ({Formerly was played} 13... a6 14. Bb2 b5 15. Bb3 Qb6 16. Rac1 Rfc8 $11 {
0-1 Wells,P-Suba,M/Benidorm 1991/EXT 97 (39)}) 14. b5 ({Deserves to be tested} 
14. bxa5 Rxa5 15. Rd1 Qc7 16. Bb2) 14... Qc7 15. Bb2 Rac8 16. Rac1 Qb8 17. Rfd1
Bd6 ({Tempting was} 17... Rfd8 18. Ba2 Nc5 {with possible idea Na4.}) 18. h3
Rfe8 19. Ba2 Bc5 20. Bb1 Qa8 21. Nc6 $6 {The exclamation mark is for courage
because the pawn sacrifice is dubious. However in practical game Black must
react correctly in new situation and finally he was incapable to cope with
this task.} Bxc6 22. bxc6 Qxc6 23. Rc4 {Planning to transfer the rook on h4.}
e5 {Black prevents the manoeuvre Nf3-e5 but weakens the diagonal a2-g8.} (23...
Qb7 $5 24. Rh4 Be7 {/\ Nf8}) 24. Ba2 Qb7 25. Rh4 Re7 26. g4 $6 (26. Bc4 $142 e4
$140 $6 27. Ng5 h6 $2 28. Nxe4 $1 Rxe4 (28... Nxe4 29. Bd5) 29. Ba6 Qc6 30.
Rxe4 Nxe4 31. Bxc8 Qxc8 32. Qg4 $18) 26... h6 $2 {Allows White to increase the
pressure on the kingside.} ({Black fails to find the continuation} 26... e4 $1
27. g5 (27. Nd4 Bxd4 (27... Ne5 28. g5 Bxd4 29. gxf6 Rd7 $1) 28. Bxd4 Ne5 $17)
(27. Ng5 h6 28. Nxf7 Rxf7 29. Bxf7+ Kxf7 30. Qc4+ Kg6 31. Qe6 Qc6 32. Qf5+ Kf7
$17) 27... exf3 28. Qd3 Rxe3 $3 (28... Ne4 $2 29. Bd5) 29. fxe3 Qc7 30. Qf1 (
30. Kf2 $2 Qh2+ 31. Kxf3 Qxb2 {/\ Ne5+}) 30... Qg3+ 31. Kh1 Qxh4 32. gxf6 Nxf6
33. Qxf3 Re8 {with good winning chances.}) 27. g5 hxg5 28. Nxg5 Rce8 $2 {
This move makes available for white queen the c2-square with further Qg6 or
Qf5.} ({Necessary was} 28... b5 $13) 29. Qc2 $1 {[%cal Rc2g6,Ra2f7]} Qc7 ({
After} 29... e4 $2 {White has} 30. Qb3 Rf8 31. Rxd7 $1 Qxd7 (31... Nxd7 $4 32.
Qd1 Nf6 33. Bxf6 gxf6 34. Qh5) 32. Bxf6 gxf6 33. Nxe4 Kg7 34. Nxf6 $1 Kxf6 (
34... Qf5 35. Rf4) 35. Qc3+ Kg6 36. Rg4+ Qxg4+ 37. hxg4 $18 {(/\ Bb1)}) ({and} 
29... Rc8 $2 {is met by} 30. Qg6 Nf8 31. Qf5 N8d7 (31... Rce8 32. Bxe5 $1 Rxe5
$2 33. Bxf7+ Qxf7 34. Rh8+ Kxh8 35. Nxf7+ Kg8 36. Nxe5) 32. Ne4 $1 {with the
idea} Rce8 (32... Qc6 33. Rxd7 Rxd7 34. Nxf6+ Qxf6 35. Qxd7) 33. Rxd7 Rxd7 34.
Nxf6+ gxf6 35. Qg6+ Kf8 36. Rh8+ Ke7 37. Qxf7+ Kd6 38. Qxe8 Rg7+ 39. Kf1 $18)
30. Rxd7 $1 {Before playing Qg6 White eliminates the resource Nf8.} Qxd7 ({If} 
30... Rxd7 $2 31. Qg6 $1 {and Black cannot parry the threat 32.Bxf7+ Rxf7 33.
Nxf7 Qxf7 34.Rh8+ or 32.Nxf7 Rxf7 33.Bxf7+.}) 31. Qg6 $1 {[%cal Rh4h7]} Bxe3 $2
{The decisive mistake.} (31... Re6 $8 32. Bxe6 Rxe6 (32... Qxe6 $2 33. Nxf7 Kf8
34. Ng5 Qb3 35. Rh8+ Ng8 36. Rh7 Qd1+ (36... Re7 37. Bxe5 $1) 37. Kh2 Qd7 38.
Rxg7 Qxg7 39. Nh7+ Qxh7 40. Qxh7 $18) 33. Nxf7 Nh7 34. Qxh7+ Kxf7 35. Qh5+ Kg8
({worse is} 35... Rg6+ 36. Rg4 Qd1+ 37. Kg2 Qc2 38. Bxe5 Bxa3 39. Bg3 $1 Qc6+
40. e4 a4 41. Kh2 $18 {/\ e5 and Qf5+}) 36. Bxe5 Rh6 37. Qg4 Qxg4+ 38. Rxg4
Rxh3 39. Bxg7 Kf7 $16) 32. Rh7 $1 Bxf2+ 33. Kh2 $1 Bg1+ 34. Kh1 $1 Qc6+ 35.
Kxg1 Qc5+ 36. Kf1 Qb5+ 37. Ke1 1-0

[Event "Dos Hermanas"]
[Site "Dos Hermanas"]
[Date "1994.??.??"]
[Round "5"]
[White "Gelfand, Boris"]
[Black "Epishin, Vladimir"]
[Result "1-0"]
[WhiteElo "2685"]
[BlackElo "2675"]
[Annotator "Gelfand,B"]
[PlyCount "77"]
[EventDate "1994.04.??"]
[EventType "tourn"]
[EventRounds "9"]
[EventCountry "ESP"]
[EventCategory "16"]
[SourceTitle "CBM 041"]
[Source "ChessBase"]
[SourceDate "1994.08.01"]
[SourceVersion "1"]
[SourceVersionDate "1994.08.01"]
[SourceQuality "1"]

1. d4 {Dautov} Nf6 2. c4 e6 3. Nc3 Bb4 4. e3 O-O 5. Bd3 d5 6. Nf3 c5 7. O-O
dxc4 8. Bxc4 Nbd7 9. Qe2 a6 (9... b6 {is another plan}) 10. Bd3 b5 (10... cxd4
$5 {Dautov} 11. exd4 b5 12. Bg5 Bb7 $132) 11. a3 Ba5 12. b4 $1 cxb4 (12... cxd4
13. exd4 Bb6 14. Bg5 Bb7 15. Ne4 Qb8 16. Nc5 $16 {Vaganian-Platonov,1971,11\516
}) 13. Nxb5 $1 $146 (13. axb4 Bxb4 14. Nxb5 Bb7 15. Ba3 (15. Rb1 {
Sheeren-Kortchnoi,35\(667)}) (15. Rb1 {Dautov} Be7 16. Nc3 Bxf3 17. Qxf3 e5 18.
Ne4 exd4 19. exd4 a5 $10 {Scheeren-Korchnoi/Wijk aan Zee/1983}) 15... Bxa3 16.
Nxa3 Nd5 (16... Bxf3 17. Qxf3 e5 18. Nc2 $16 {Taimanov-Kuzmin,1973}) 17. Qd2
N5b6 18. e4 $14 {Danner-Kociev,1979\80,29\551} (18. e4 a5 19. Rfc1 Nf6 20. Qf4
a4 $14 {Danner-Kochiev/Reggio Emilia/79})) 13... Bb7 (13... Rb8 14. Nd6 $16) (
13... b3 14. Nd6 Nd5 15. Bb2 (15. Bd2 $1 {Dautov} Bxd2 (15... Nc3 $2 16. Bxc3
Bxc3 17. Bxh7+ $1 $16) (15... N7f6 16. Nc4 Bxd2 17. Qxd2 $16) 16. Qxd2 N7f6 17.
Nc4 Bd7 18. a4 $1 Rb8 19. Rfb1 Qc7 20. Nfe5 $16 {><b3}) (15. e4 Nc3 16. Qe3 Rb8
$13) 15... N7b6 {Bulletin} (15... N7f6 16. Nxc8 Rxc8 $132)) (13... axb5 $2 {
Dautov} 14. axb4 $16) (13... bxa3 $2 {Dautov} 14. Nd6 $16) 14. Nd6 Bxf3 15.
Qxf3 Bc7 (15... b3 16. Rb1 Rb8 17. Qd1 $16 {Bulletin}) 16. Nb7 $1 $16 (16. Nc4
a5 17. Bd2 b3 18. a4 Nc5 $5 19. Bb1 Qd5 $132) 16... Qe7 (16... Qb8 17. axb4 Nd5
18. Nc5 $18) (16... Qc8 17. axb4 Nd5 18. Na5 $1 (18. Nc5 Nxb4 19. Be4 Ra7 $8
20. Bd2 Nxc5 21. dxc5 (21. Bxb4 Nxe4 $1 22. Bxf8 Nd2) 21... Qb8 $14) 18... Nxb4
19. Be4 $16) (16... Bxh2+ 17. Kh1 (17. Kxh2 Qc7+ 18. Kg1 Qc3 19. Qe2 Qxa1 20.
Bb2 Qa2 21. Bc4 b3 22. Ra1 $18) 17... Qc7 18. axb4 Nd5 (18... Bd6 19. Nxd6 Qxd6
20. b5 Ne5 21. Qg3 $18) 19. Nc5 Nxb4 20. Nxd7 $16 {Dautov} Qxd7 21. Be4 $18)
17. axb4 e5 18. Bxa6 exd4 (18... Qe6 19. b5 e4 20. Qe2 $18) 19. exd4 Qxb4 20.
Be3 (20. Ba3 $142 Qxd4 21. Bxf8 Rxf8 $16 (21... Nxf8 {Dautov} 22. Rfd1 Qe5 23.
g3 $16) 22. Rfd1 Qb6 (22... Qe5 23. g3) 23. Qe2 Re8 24. Qb5 Qe6 25. Rac1 $1)
20... Rfb8 21. Rab1 Qe7 22. Bb5 Ra3 (22... Nb6 $5 23. Bc6 Nc4 24. Bg5 $16 Ra3)
23. Bc6 Nb6 24. Rfc1 h5 (24... Qe6 25. Nc5 Qd6 26. Bf4 Qxf4 27. Qxa3 Qxh2+ 28.
Kf1 Rd8 $140 29. Nb7 Rxd4 30. Rxb6 $18) 25. h3 Qe6 26. Rb5 $2 (26. Nc5 Qd6 (
26... Qe7 27. Ne4 Nxe4 28. Bxe4 Qd6 29. g3 $16) 27. Bf4 $18 (27. Bf4 $1 {Dautov
} Qxd4 28. Qxa3 Qxf4 29. g3 $16 {/\Na6})) 26... Qa2 $2 (26... Nc4 $1 27. d5
$140 (27. Nc5 Qe7) 27... Qe7 28. Bc5 Qe5 $1) 27. Qd1 $6 (27. d5 Nc4 28. d6 Bb6
{not so clear} (28... Nxd6 29. Nxd6 Bxd6 30. Bd5 $18)) (27. Rf5 $1 Nc4 28. Rxf6
Nxe3 29. fxe3 gxf6 30. Qxf6 (30. Bd5) 30... Qe6 31. Qg5+ $18) (27. Rbc5 $142
$16 {Dautov /\d5}) 27... Nbd5 $3 (27... Nc4 28. Bg5) 28. Rc2 (28. Bd2 Rd3 29.
Rc2 Qa6 30. Rxd5 Nxd5 31. Bxd5 Rxb7 32. Bxb7 Qxb7 $16) 28... Nc3 $3 (28... Qa1
29. Rb1 $18) 29. Rxa2 Rxa2 $3 30. Qf1 Nxb5 31. g4 (31. Qxb5 $4 Ra1+ $19) 31...
Nd6 $6 (31... Na7 $5 32. Bf3 hxg4 33. hxg4 Rb2 (33... Nxg4 34. Bxg4 (34. Qb1 {
Dautov} Ra6 (34... Bh2+ 35. Kh1 Nxf2+ 36. Kxh2) 35. Bxg4 Rb6 36. Qc2 R8xb7 37.
Bf3 Rb2 38. Qa4 $16) 34... Rxb7 35. Bf3 (35. Qc4 Ra1+ 36. Kg2 $16) 35... Rb8 (
35... Rb4 36. Qc1 (36. Qh3 $1 $16) 36... Bd6) 36. Qc4 Ra1+ 37. Kg2 $16) 34. g5
Nd7 35. Qa6 (35. g6 $1 R8xb7 36. Bxb7 Rxb7 37. Qc4 Nf6 38. Qxf7+ Kh8 39. Kg2 {
/\Bh6} Ng8 40. Qf3 $18) 35... Nb5 36. Qa1 $14 {bulletin}) (31... hxg4 $3 32.
Qxb5 (32. hxg4 Na7 (32... Nd6 33. Nxd6 Bxd6 34. g5 (34. Qh3 $5) 34... Ng4 35.
g6 $16 Ra5 36. Qc4 Nxe3 37. gxf7+ Kf8 38. fxe3 Rg5+ $16) 33. Bf3 $16) 32...
gxh3 {Epishin} 33. Kf1 (33. Qf1 {Dautov} h2+ 34. Kh1 Rba8 $44) 33... Ra1+ 34.
Ke2 h2 (34... Rba8 $36) 35. Qc4 Ne8 36. Bc1 $16 Rba8 37. Bd5 Kh8 (37... R8a2+
38. Ke3 Nf6 39. Bxf7+ (39. Bh1 Ng4+ 40. Kf3 Nxf2 41. Qxc7 Nxh1 42. Qc8+ $10)
39... Kf8 40. Bg6 Ng4+ $36) 38. Qc6 Nf6 39. Bxf7 R8a6 40. Qg2 $18) 32. Nxd6
Bxd6 33. g5 Ne8 34. g6 (34. Bd5 Ra5 35. Qc4 $18 {Ochoa}) 34... Nf6 35. gxf7+
Kf8 36. Qc4 Ra7 37. Qe6 Rd8 38. Bb5 Re7 (38... Rxf7 {Dautov} 39. Bg5 $16 {/\Bc4
}) 39. Qf5 $138 {39...Rf7 40.Bc4 Rc7 41.Be6, with good winning chances Gelfand}
(39. Qf5 {Dautov} Kxf7 40. Bc4+ Ke8 41. Bg5 $16) 1-0

[Event "Olympiad-37"]
[Site "Turin"]
[Date "2006.05.30"]
[Round "9"]
[White "Gurevich, Mikhail"]
[Black "Nielsen, Peter Heine"]
[Result "1/2-1/2"]
[WhiteElo "2643"]
[BlackElo "2646"]
[Annotator "Gurevich,M"]
[PlyCount "83"]
[EventDate "2006.05.21"]
[EventType "team-swiss"]
[EventRounds "13"]
[EventCountry "ITA"]
[SourceTitle "CBM 113"]
[Source "ChessBase"]
[SourceDate "2006.07.31"]
[SourceVersion "1"]
[SourceVersionDate "2006.07.31"]
[SourceQuality "1"]
[WhiteTeam "Turkey"]
[BlackTeam "Denmark"]
[WhiteTeamCountry "TUR"]
[BlackTeamCountry "DEN"]

1. d4 Nf6 2. c4 e6 3. Nc3 Bb4 4. e3 O-O 5. Bd3 c5 6. Nf3 d5 7. O-O dxc4 (7...
Nc6 8. a3 Bxc3 9. bxc3 dxc4 10. Bxc4 Qc7 11. Ba2 Bd7 12. Re1 Ne4 13. Bb2 b5 14.
Qc2 f5 15. d5 Nd8 16. c4 exd5 17. cxb5 Qb7 18. Ne5 c4 19. Nxd7 Qxd7 20. Rad1
Rc8 21. f3 Nf6 22. Bxf6 Rxf6 23. Bxc4 Rf7 24. Bxd5 Rxc2 25. Bxf7+ Qxf7 26.
Rxd8+ Qf8 27. Red1 $18 {1-0 Berkes,F-Ilincic,Z/Hungary HUN 2006/The Week in
Chess 605 (35)}) (7... b6 8. cxd5 exd5 9. Ne5 Bxc3 10. bxc3 Ba6 11. f3 Re8 12.
Bb2 Bxd3 13. Qxd3 c4 14. Qc2 Nbd7 15. Nxd7 Qxd7 16. Rae1 Qb7 17. a4 Re6 {
1/2-1/2 Peralta,F-Stefansson,H/Turin ITA 2006/The Week in Chess 604 (17)}) 8.
Bxc4 Nbd7 9. a3 cxd4 (9... Ba5 10. Bd2 cxd4 11. Nxd4 Ne5 12. Be2 Bd7 13. Qb3
Nc6 14. Nf3 Qe7 15. Rfd1 Rfd8 16. Qa4 Bc7 17. Nb5 Bb6 18. Qh4 h6 19. Be1 Be8
20. Nd2 a6 21. Nc3 Nd5 22. Qxe7 Ncxe7 23. Nxd5 {1/2-1/2 Aleksandrov,A-Adams,M/
Turin ITA 2006/The Week in Chess 604 (23)}) 10. axb4 dxc3 11. bxc3 Qc7 12. Be2
Nd5 13. c4 (13. Bd3 {1/2-1/2 Aronian,L-Topalov,V/Morelia/Linares MEX/ESP 2006/
The Week in Chess 590 (123)}) (13. Bb2 Nxc3 14. Bxc3 Qxc3 15. Qd6 Qc6 16. Qxc6
bxc6 17. Nd4 Bb7 18. Rfc1 Rfc8 19. Bf3 a6 20. Bxc6 Bxc6 21. Rxc6 Rxc6 22. Nxc6
Nb6 23. e4 $11 {1/2-1/2 Graf,A-Nielsen,P/Sant Lluis 2005/Mega2006 (53)}) 13...
Nc3 14. Qc2 Nxe2+ 15. Qxe2 b6 16. Bb2 Bb7 17. Rfd1 Rfd8 18. Nh4 $5 {[/\19.
Qg4|^>>]} Nf8 (18... Nf6 19. Bxf6 $36) (18... Ne5 19. Bxe5 Qxe5 20. Rxa7 $1 $16
) 19. Rxd8 Qxd8 20. Qg4 f6 $5 {TN} (20... Ng6 $6 21. Nxg6 hxg6 22. Rd1 Qe7 23.
Qd4 f6 24. Qd7 $14 Kf8 25. b5 Rc8 $2 (25... Qxd7 26. Rxd7 Be4 $14) 26. Ba3 Qxa3
27. Qxb7 $18 {1-0 Iotov,V-Tologontegin,S/Turin ITA 2006 (53)}) 21. b5 $5 Qe7 (
21... a6 22. Rd1 Qe7 23. Bd4 axb5 24. cxb5 Ra5 $11) 22. h3 (22. Ba3 Qf7 23.
Bxf8 Kxf8 24. Rd1 Rc8 $132) 22... Qf7 23. Ba3 Ng6 (23... a6 $5) 24. Nxg6 Qxg6 (
24... hxg6 25. Rd1 a6 26. Rd6 axb5 27. cxb5 $36) 25. Qxe6+ Kh8 26. Qg4 Qxg4 27.
hxg4 a6 $5 28. Rd1 (28. g5 axb5 29. cxb5 (29. gxf6 gxf6 30. cxb5 Bd5 $11) 29...
Bd5 $1 (29... fxg5 30. Rd1 h6 31. Bb2 $16) 30. gxf6 (30. Rd1 Bb3 $1 $11) 30...
gxf6 $11) (28. bxa6 $5 Rxa6 (28... Bxa6 29. Bb2 Bb7 30. Rxa8+ (30. Rd1) 30...
Bxa8 31. Bd4 $14) 29. g5 $5 Kg8 (29... fxg5 30. Rd1 $36) 30. gxf6 gxf6 31. Rd1
Bxg2 $1 32. Kxg2 Rxa3 33. Rd6 $14) 28... axb5 29. cxb5 h6 30. Bb2 Be4 $1 (30...
Ra5 31. Bxf6 $1 $16) 31. Rd6 Rb8 $11 {[/\Be4-c2-a4;Be4-g6-e8]} 32. f3 (32. Bd4
Bc2 33. Bxb6 (33. Rxb6) 33... Ba4 $11) 32... Bc2 33. e4 Rb7 34. e5 fxe5 35.
Bxe5 Kh7 36. f4 Ba4 37. Rd5 Bb3 38. Rd4 Bf7 39. Kf2 Be8 40. Rd5 Rd7 41. Bd6 Rd8
42. Rd4 1/2-1/2

[Event "FIDE-Wch k.o."]
[Site "New Delhi/Teheran"]
[Date "2000.12.11"]
[Round "5.6"]
[White "Khalifman, Alexander"]
[Black "Anand, Viswanathan"]
[Result "1/2-1/2"]
[WhiteElo "2667"]
[BlackElo "2762"]
[Annotator "Hecht,H"]
[PlyCount "103"]
[EventDate "2000.11.27"]
[EventType "k.o."]
[EventRounds "7"]
[EventCountry "IND"]
[SourceTitle "CBM 081"]
[Source "ChessBase"]
[SourceDate "2001.03.20"]
[SourceVersion "1"]
[SourceVersionDate "2001.03.20"]
[SourceQuality "1"]

1. d4 Nf6 2. c4 e6 3. Nc3 Bb4 4. e3 O-O 5. Bd3 d5 6. Nf3 c5 7. O-O dxc4 8. Bxc4
Nbd7 9. a3 cxd4 10. axb4 dxc3 11. bxc3 b6 12. Be2 Bb7 13. c4 Qc7 14. h3 a5 15.
Ba3 axb4 16. Bxb4 Rxa1 17. Qxa1 Ra8 18. Qb2 h6 19. Rd1 Bxf3 20. Bxf3 Rc8 21.
Be2 Nc5 22. Qd4 Ra8 23. Bc3 Ncd7 24. Bb2 Ra2 25. Qc3 Nc5 26. Qb4 Nfd7 27. Ra1
Rxa1+ 28. Bxa1 Nf6 29. Bd4 Qd6 30. Qb2 Ncd7 31. f4 Qc6 32. Qb5 Qxb5 33. cxb5 {
[#] Läuferpaar gegen Springer bei teilblockierter Stellung.} Ne4 34. Bf3 Nec5
35. Bc6 f6 36. e4 e5 37. fxe5 fxe5 38. Be3 Kf7 39. Kf2 Ke6 40. Kf3 Nf6 41. g4
g5 42. Bf2 Kd6 43. h4 Ne6 44. Bxb6 gxh4 45. Ba7 Ng5+ 46. Kg2 h3+ 47. Kh1 Nfxe4
48. Ba8 Nf6 49. Bg1 (49. b6 $142 Nd7 50. Kh2) 49... Nxg4 50. b6 h2 51. Bxh2
Nxh2 52. Kxh2 1/2-1/2

[Event "Interzonal-15"]
[Site "Manila"]
[Date "1990.??.??"]
[Round "3"]
[White "Kortschnoj, Viktor Lvovich"]
[Black "Huebner, Robert"]
[Result "1/2-1/2"]
[WhiteElo "2630"]
[BlackElo "2585"]
[Annotator "Huebner,R"]
[PlyCount "78"]
[EventDate "1990.06.29"]
[EventType "swiss"]
[EventRounds "13"]
[EventCountry "PHI"]
[SourceTitle "CBM 019"]
[Source "ChessBase"]
[SourceDate "1990.12.01"]
[SourceVersion "1"]
[SourceVersionDate "1990.12.01"]
[SourceQuality "1"]

1. d4 Nf6 2. c4 e6 3. Nc3 Bb4 4. e3 O-O 5. Bd3 d5 6. Nf3 b6 7. a3 Bxc3+ 8. bxc3
dxc4 9. Bxc4 Bb7 10. O-O c5 11. Re1 Nbd7 12. Bd3 Be4 13. Bf1 Qc7 14. Nd2 Bg6
15. Bb2 e5 (15... Ne4) 16. e4 Rad8 (16... cxd4 $5 17. cxd4 exd4 18. Bxd4 Nc5
$13) 17. d5 Ne8 18. c4 Nd6 19. a4 (19. f4 exf4 20. e5 Nf5 21. Qf3 Ne3 $13 22.
d6 Qc8 23. Rac1 Rde8 24. Qxf4 Nxf1 25. Nxf1 Re6 {/\ f6}) 19... Rde8 (19... f5
20. f4 Nxe4 21. Nxe4 fxe4 22. fxe5 $16 {/\} Nxe5 $2 23. d6 $18) 20. Ra3 (20. g4
$5 {Kortschnoj}) 20... f5 21. exf5 Nxf5 22. Bd3 $1 Qd6 $8 {/\ Nd4} (22... Nd4
23. Bxg6 hxg6 24. Rg3 $18) 23. Qg4 (23. Ne4 $5 Qe7 24. Ng3) (23. Qb1 $5) 23...
Nh6 24. Qg5 (24. Ne4 Bxe4 25. Qxe4 Nf6 26. Qh4 e4 27. Bb1 (27. Bxe4 $2 Nf5)
27... Nf5 {/\ Nd4 Kortschnoj}) (24. Qh3 $5) 24... Bxd3 (24... Qf6 25. Qxf6 gxf6
26. Bxg6 hxg6 27. a5 Nf7 28. axb6 axb6 29. Ra7 Rd8 30. Ne4 Kg7 31. f4) 25. Rxd3
Nf5 (25... Qf6 26. Qxf6 gxf6 27. Ne4 $16) 26. Ne4 Qe7 27. Qxe7 Rxe7 28. Rf3 $6
Nd4 29. Rxf8+ Kxf8 30. f3 Nf6 $10 31. Kf2 Ke8 $138 (31... Nxe4+ $5 32. Rxe4 Ke8
) 32. Nd6+ Kd7 33. Nb5 a6 34. Nc3 Ne8 35. Ne4 (35. a5 Nd6 36. axb6 Nxc4 37. b7
Re8 (37... Kc7 38. d6+ $18) 38. Ne4 (38. Bc1 Nd6 $17) 38... Nxb2 39. Nxc5+ Kd6
(39... Kc7 40. Rb1 $16) 40. Nxa6 Nd3+ 41. Kf1 Nxe1 42. Kxe1 $10) 35... Nd6 36.
Nxd6 Kxd6 37. Rb1 Rb7 38. Ra1 Nb3 (38... Nc2 39. Rc1 Nb4 $6 40. Ke3 b5 41. axb5
axb5 42. Ke4 $16) (38... b5 39. axb5 axb5 40. Ra6+ Kd7 41. cxb5 Rxb5 42. Ba1
$13) 39. Re1 Nd4 1/2-1/2

[Event "Halle DSV International-03"]
[Site "Halle/Saale"]
[Date "1978.11.16"]
[Round "10"]
[White "Knaak, Rainer"]
[Black "Malich, Burkhard"]
[Result "1-0"]
[WhiteElo "2520"]
[BlackElo "2535"]
[Annotator "Knaak,R"]
[PlyCount "63"]
[EventDate "1978.11.06"]
[EventType "tourn"]
[EventRounds "13"]
[EventCountry "DDR"]
[EventCategory "11"]
[SourceTitle "EXT 2000"]
[Source "ChessBase"]
[SourceDate "1999.11.16"]
[SourceVersion "1"]
[SourceVersionDate "1999.11.16"]
[SourceQuality "1"]

1. d4 {1) Inf26/659. 2)SCHACH 1/79} Nf6 2. c4 e6 3. Nc3 Bb4 4. e3 O-O 5. Bd3 d5
6. Nf3 c5 7. O-O dxc4 8. Bxc4 Nbd7 9. Qe2 a6 10. a4 cxd4 11. exd4 Nb6 12. Bd3
Nbd5 13. Bd2 Ba5 $6 (13... Bd7 14. Nxd5 Nxd5 15. Bxh7+ $2 Kxh7 16. Ng5+ Kg6 $1
(16... Kg8 17. Qd3 f5 18. Qh3 $16) 17. Qd3+ f5 $17) 14. Rac1 Bd7 15. Nxd5 $1
exd5 (15... Nxd5 16. Bg5 f6 17. Qe4 g6 18. Bh6 {ist die schwarze Stellung sehr
geschwächt.}) 16. Bg5 h6 17. Bh4 Bg4 $2 (17... Bb6 $14 {war wohl zu versuchen.}
) 18. Qe3 Bb6 19. Ne5 Bc8 20. Bb1 Qd6 21. Kh1 $1 {Vorbereitung für Qd3.} (21.
Qd3 Ne4 22. f3 $2 Qxe5) 21... Re8 ({Ein letzter Versuch war hier} 21... Ne4 {
Es folgt} 22. Bxe4 dxe4 23. Nc4 Qg6 (23... Qe6 24. f3 $16) 24. a5 Ba7 25. Be7
Re8 26. Nd6 $1 Rxe7 27. Rxc8+ $18) 22. Qd3 Bd8 (22... g6 23. Nxf7) (22... g5
23. Nxf7) (22... Ne4 23. f3) (22... Bxd4 23. Bxf6 Qxf6 24. Qh7+ Kf8 25. Rc7 $18
) 23. Bxf6 Bxf6 24. Qh7+ Kf8 25. Nxf7 $1 Kxf7 26. Bg6+ Ke7 27. Bxe8 Kxe8 28.
Qg8+ Qf8 (28... Kd7 29. Rfe1 Be7 30. Qxg7 $18) 29. Rfe1+ Be7 30. Rxe7+ Kxe7 31.
Re1+ Be6 32. Qxe6+ 1-0